Statistical Yearbook of the Netherlands 1988

Gespeichert in:
Bibliographische Detailangaben
Format: Buch
Sprache:Englisch
Veröffentlicht: Hague Central Bureau of Statistics 1989
Ausgabe:1. ed.
Tags: Tag hinzufügen
Keine Tags, Fügen Sie das erste Tag hinzu!

MARC

LEADER 00000nam a2200000 4500
001 c036349
005 20221215114452.5
041 0 |a eng 
044 |a FR 
245 1 0 |a Statistical Yearbook of the Netherlands 1988 
250 |a 1. ed. 
264 1 |a Hague  |b Central Bureau of Statistics  |c 1989 
300 |a 427 s.